=LDR 00000nam 2200000 4500 =001 INLIS000000000024116 =005 20130612122725 =008 ***********************************Ind** =035 ##$$0010-061300000024116 =041 ##$$a Ind =082 ##$$a 353.5 =090 ##$$a 353.5, Sim s =100 ##$$a Simorangkir, J.C.T =245 ##$$a Serba serbi LPHN/BPHN, J.C.T Simorangkir =260 ##$$a 1980 $b Jakarta =300 ##$$a 346 hlm, 21 cm =650 ##$$a Departemen kehakiman =850 ##$$a NBPNMAT